[Event "SA-2011-0-00203"]
[Site "LSS email"]
[Date "2011.07.21"]
[Round "?"]
[White "Kluge, Thomas"]
[Black "Jordan, Juergen"]
[Result "1/2-1/2"]
[WhiteElo "2123"]
[BlackElo "2142"]
[PlyCount "77"]
[EventDate "2011.06.22"]
[EventType "tourn (corr)"]
[EventRounds "6"]
[EventCountry "GER"]
[SourceTitle "Telechess CBM 163"]
[Source "ChessBase"]
[SourceDate "2014.11.11"]
[SourceVersion "2"]
[SourceVersionDate "2014.11.11"]
[SourceQuality "1"]

1. c4 Nf6 2. Nc3 d5 3. cxd5 Nxd5 4. g3 g6 5. Bg2 Nb6 6. Nf3 Bg7 7. 0-0 Nc6 8. d3 0-0 9. Be3 e5 10. Rc1 Nd4 11. Ne4 Nd5 12. Bg5 Qe8 13. Nxd4 exd4 14. Qb3 c6 15. Rfe1 h6 16. Bd2 Qd8 17. Qa3 Re8 18. Nc5 Qd6 19. Qa4 Re7 20. Bf3 Bh3 21. Rc2 Kh7 22. Ne4 Qe5 23. Bb4 Nxb4 24. Qxb4 f5 25. Nd2 Bf8 26. Nb3 Rd7 27. Nc5 Rc7 28. Qc4 Re8 29. b4 f4 30. Qb3 a6 31. a3 h5 32. Ne4 Be6 33. Qb2 Rf7 34. Bg2 Bd5 35. e3 dxe3 36. Qxe5 Rxe5 37. gxf4 Rxf4 38. fxe3 Rff5 39. Rf2 1/2-1/2

[Event "SA-2011-0-00203"]
[Site "LSS email"]
[Date "2011.07.20"]
[Round "?"]
[White "De Waele, Willy"]
[Black "Kluge, Thomas"]
[Result "1-0"]
[WhiteElo "2006"]
[BlackElo "2123"]
[PlyCount "85"]
[EventDate "2011.06.22"]
[EventType "tourn (corr)"]
[EventRounds "6"]
[EventCountry "GER"]
[SourceTitle "Telechess CBM 163"]
[Source "ChessBase"]
[SourceDate "2014.11.11"]
[SourceVersion "2"]
[SourceVersionDate "2014.11.11"]
[SourceQuality "1"]

1. e4 Nf6 2. e5 Nd5 3. d4 d6 4. Nf3 g6 5. Bc4 c6 6. 0-0 Bg7 7. exd6 Qxd6 8. Re1 0-0 9. h3 Nd7 10. Bb3 b5 11. Nbd2 e6 12. c4 bxc4 13. Nxc4 Qc7 14. Bg5 N7b6 15. Na5 Bd7 16. Rc1 Rfe8 17. Bh4 Bh6 18. Bg3 Qc8 19. Rc5 Bf8 20. Qd2 f6 21. Nh2 f5 22. Be5 Bg7 23. Nf3 Nf6 24. Ng5 Nfd5 25. Bxg7 Kxg7 26. Nxc6 Bxc6 27. Rec1 h6 28. Rxc6 Qd7 29. Nf3 Qb7 30. a4 Re7 31. Ne5 Rd8 32. a5 Nd7 33. Nxg6 Qxb3 34. Nxe7 Nxe7 35. Rd6 Nd5 36. Rcc6 Qb5 37. Ra6 Nc7 38. Rxa7 Qb8 39. d5 Qxa7 40. dxe6 Nxe6 41. Rxe6 Kf7 42. Qxh6 Qc5 43. Rg6 1-0

[Event "LSS No Engine Cup 02 Final"]
[Site "LSS email"]
[Date "2010.02.10"]
[Round "?"]
[White "Bergmann, Paulo Fernando Brit"]
[Black "Kluge, Thomas"]
[Result "1/2-1/2"]
[WhiteElo "1903"]
[BlackElo "2106"]
[PlyCount "62"]
[EventDate "2010.02.11"]
[EventType "tourn (corr)"]
[EventRounds "6"]
[EventCountry "GER"]
[SourceTitle "Telechess CBM 141"]
[Source "ChessBase"]
[SourceDate "2011.03.17"]
[SourceVersion "1"]
[SourceVersionDate "2011.03.17"]
[SourceQuality "1"]

1. d4 Nf6 2. c4 c5 3. Nf3 e6 4. g3 cxd4 5. Nxd4 Bb4+ 6. Bd2 Be7 7. Bg2 Nc6 8. Bc3 0-0 9. 0-0 d5 10. Nd2 Bd7 11. Rc1 Rc8 12. e4 dxc4 13. Nxc4 Nxd4 14. Bxd4 Bb5 15. b3 Bc5 16. Bxc5 Rxc5 17. e5 Bxc4 18. Rxc4 Rxe5 19. Bxb7 Qb6 20. Bf3 Rc5 21. Rxc5 Qxc5 22. Qd2 Rc8 23. Bb7 Qc3 24. Rd1 Qxd2 25. Rxd2 Rc1+ 26. Kg2 Kf8 27. Rd8+ Ke7 28. Ra8 Rc7 29. Bf3 Kd6 30. b4 Nd5 31. a3 g6 1/2-1/2

[Event "LSS No Engine Cup 02 Final"]
[Site "LSS email"]
[Date "2010.02.10"]
[Round "?"]
[White "Kluge, Thomas"]
[Black "Jijon, Fabricio"]
[Result "1-0"]
[WhiteElo "2112"]
[BlackElo "1942"]
[PlyCount "83"]
[EventDate "2010.02.11"]
[EventType "tourn (corr)"]
[EventRounds "6"]
[EventCountry "GER"]
[SourceTitle "Telechess CBM 141"]
[Source "ChessBase"]
[SourceDate "2011.03.17"]
[SourceVersion "1"]
[SourceVersionDate "2011.03.17"]
[SourceQuality "1"]

1. c4 d6 2. g3 e5 3. Bg2 f5 4. Nc3 Nf6 5. d3 c6 6. Nf3 Na6 7. 0-0 g6 8. Rb1 Bg7 9. b4 0-0 10. b5 Nc5 11. bxc6 bxc6 12. Ba3 e4 13. Nd4 Qa5 14. Bb4 Qc7 15. Qd2 Re8 16. Bxc5 dxc5 17. Nb3 Re5 18. dxe4 fxe4 19. Rfd1 Ba6 20. Qd6 Qxd6 21. Rxd6 Bxc4 22. Rxc6 Rb8 23. Nd2 Rxb1+ 24. Ndxb1 Bf7 25. e3 g5 26. Nd2 g4 27. a4 Bg6 28. Rc7 Nd5 29. Rc8+ Kf7 30. Ndxe4 Nb6 31. Rc7+ Re7 32. Rxc5 Bxe4 33. Nxe4 Nxa4 34. Nd6+ Ke6 35. Rc6 Ke5 36. Nc4+ Kf5 37. e4+ Kg5 38. Ne3 Bf6 39. h4+ gxh3 40. f4+ Kg6 41. e5 hxg2 42. Rxf6+ 1-0

[Event "LSS No Engine Cup 02 Final"]
[Site "LSS email"]
[Date "2010.02.10"]
[Round "?"]
[White "Kluge, Thomas"]
[Black "Leonard, Andrew"]
[Result "1-0"]
[WhiteElo "2113"]
[BlackElo "2022"]
[PlyCount "76"]
[EventDate "2010.02.11"]
[EventType "tourn (corr)"]
[EventRounds "6"]
[EventCountry "GER"]
[SourceTitle "Telechess CBM 141"]
[Source "ChessBase"]
[SourceDate "2011.03.17"]
[SourceVersion "1"]
[SourceVersionDate "2011.03.17"]
[SourceQuality "1"]

1. c4 c6 2. g3 Nf6 3. Bg2 d5 4. Nf3 dxc4 5. Qc2 Be6 6. Ng5 Bd5 7. e4 h6 8. Nh3 Be6 9. Nf4 Ng4 10. Nxe6 fxe6 11. Qxc4 e5 12. Qe6 Nf6 13. Qxe5 Nbd7 14. Qf5 e5 15. Qg6+ Ke7 16. 0-0 Qe8 17. Qf5 Kf7 18. Na3 Rd8 19. Nc4 b5 20. Na5 Nc5 21. f4 Nd3 22. fxe5 Nxe5 23. a4 b4 24. d4 Rxd4 25. Be3 Rd3 26. Bxa7 Rd6 27. Nb3 g6 28. Qf4 Kg8 29. a5 Kh7 30. a6 Ned7 31. e5 Nxe5 32. Bd4 Nfd7 33. a7 Bg7 34. a8Q Qxa8 35. Rxa8 Rxa8 36. Be3 Rb8 37. Nc5 b3 38. Nxd7 Nxd7 1-0

[Event "LSS No Engine Cup 02 Preliminary 4"]
[Site "LSS email"]
[Date "2009.07.02"]
[Round "?"]
[White "Bujdak, Pavol"]
[Black "Kluge, Thomas"]
[Result "0-1"]
[WhiteElo "1849"]
[BlackElo "2115"]
[PlyCount "74"]
[EventDate "2009.07.03"]
[EventType "tourn (corr)"]
[EventRounds "6"]
[EventCountry "GER"]
[SourceTitle "Corr 2013"]
[Source "ChessBase"]
[SourceDate "2012.11.12"]
[SourceVersion "1"]
[SourceVersionDate "2012.11.12"]
[SourceQuality "1"]

1. Nf3 Nf6 2. d4 e6 3. c4 c5 4. e3 b6 5. Nc3 Bb7 6. d5 exd5 7. cxd5 a6 8. a4 d6 9. Bc4 g6 10. 0-0 Bg7 11. e4 0-0 12. Re1 Re8 13. Bg5 Nbd7 14. h3 Qc7 15. Qd2 Nh5 16. Nh2 Ne5 17. Be2 c4 18. Bxh5 gxh5 19. Bh6 f6 20. Bxg7 Kxg7 21. f4 Nd3 22. Re3 Qc5 23. Kh1 b5 24. Rxd3 cxd3 25. Nf3 b4 26. Qxd3 bxc3 27. bxc3 f5 28. Rb1 Re7 29. Qd4+ Qxd4 30. Nxd4 Bc8 31. exf5 Rb7 32. Re1 Kf7 33. Ne6 Kf6 34. g4 hxg4 35. hxg4 Bxe6 36. Rxe6+ Kg7 37. Rxd6 Rc8 0-1

[Event "LSS No Engine Cup Gr02 prel 04 email"]
[Site "LSS email"]
[Date "2009.07.02"]
[Round "?"]
[White "Raluy Lopez, Marcos"]
[Black "Kluge, Thomas"]
[Result "0-1"]
[WhiteElo "1922"]
[BlackElo "2107"]
[PlyCount "78"]
[EventDate "2009.07.03"]
[EventType "tourn (corr)"]
[EventRounds "6"]
[EventCountry "GER"]
[SourceTitle "Telechess CBM 137"]
[Source "ChessBase"]
[SourceDate "2010.07.15"]
[SourceVersion "1"]
[SourceVersionDate "2010.07.15"]
[SourceQuality "1"]

1. d4 Nf6 2. c4 e6 3. Nf3 c5 4. d5 exd5 5. cxd5 d6 6. Nc3 g6 7. e4 Bg7 8. Be2 0-0 9. 0-0 Bg4 10. Bf4 a6 11. a4 Re8 12. Nd2 Bxe2 13. Qxe2 Nh5 14. Be3 Nd7 15. g4 Nhf6 16. f3 Qe7 17. Kh1 h6 18. Qg2 Ne5 19. a5 g5 20. Ne2 Ng6 21. Ra3 Nh4 22. Qf2 Nd7 23. Nc4 Rab8 24. Rb3 Ne5 25. Nxe5 Bxe5 26. Rb6 Ng6 27. Ng3 Bxg3 28. hxg3 Ne5 29. Kg2 Nc4 30. Rb3 Nxa5 31. Rc3 b5 32. Ra3 Nc4 33. Rxa6 Ra8 34. Rfa1 Qb7 35. Rxa8 Rxa8 36. Rh1 Nxe3+ 37. Qxe3 Kg7 38. f4 f6 39. fxg5 hxg5 0-1

[Event "IECG CP.2007.Q.00018 email"]
[Site "IECG email"]
[Date "2009.01.15"]
[Round "?"]
[White "Kluge, Thomas"]
[Black "Janning, Henning"]
[Result "1/2-1/2"]
[WhiteElo "2132"]
[BlackElo "1706"]
[PlyCount "99"]
[EventDate "2009.01.15"]
[EventType "tourn (corr)"]
[EventRounds "6"]
[SourceTitle "Corr 2024"]
[Source "ChessBase"]
[SourceDate "2023.10.19"]
[SourceVersion "1"]
[SourceVersionDate "2023.10.19"]
[SourceQuality "1"]

1. c4 e5 2. g3 Nc6 3. Bg2 g6 4. Nc3 Bg7 5. e4 d6 6. Nge2 Nge7 7. d3 0-0 8. 0-0 a6 9. Be3 Nd4 10. b4 Bg4 11. f3 Be6 12. Bf2 Nec6 13. Nxd4 Nxd4 14. a4 a5 15. b5 Rb8 16. Rb1 Bh6 17. Ne2 c5 18. bxc6 Nxe2+ 19. Qxe2 bxc6 20. Rxb8 Qxb8 21. Qc2 Qc7 22. c5 Rb8 23. cxd6 Qxd6 24. Bc5 Qc7 25. Rb1 Rxb1+ 26. Qxb1 Bf8 27. Be3 Qe7 28. Qc2 Qb4 29. Bf1 Qe1 30. Bd2 Qa1 31. Qc3 Qxc3 32. Bxc3 Bc5+ 33. Kg2 Bb4 34. Bxb4 axb4 35. a5 b3 36. a6 Bc8 37. a7 Bb7 38. d4 b2 39. Bd3 exd4 40. Kf2 c5 41. Ke2 c4 42. Bb1 f5 43. Kd2 Kf7 44. exf5 gxf5 45. Kc2 Ke6 46. Kxb2 c3+ 47. Kb3 Bxf3 48. g4 fxg4 49. Bxh7 Bd5+ 50. Kb4 1/2-1/2

[Event "IECG CP.2007.Q.00018 email"]
[Site "IECG email"]
[Date "2009.01.15"]
[Round "?"]
[White "Van Seben, Edgar"]
[Black "Kluge, Thomas"]
[Result "1-0"]
[WhiteElo "2361"]
[BlackElo "2132"]
[PlyCount "91"]
[EventDate "2009.01.15"]
[EventType "tourn (corr)"]
[EventRounds "6"]
[SourceTitle "Corr 2024"]
[Source "ChessBase"]
[SourceDate "2023.10.19"]
[SourceVersion "1"]
[SourceVersionDate "2023.10.19"]
[SourceQuality "1"]

1. d4 Nf6 2. c4 c5 3. d5 e6 4. Nc3 exd5 5. cxd5 d6 6. e4 g6 7. h3 Bg7 8. Bd3 0-0 9. Nf3 a6 10. a4 Nbd7 11. 0-0 Re8 12. Bf4 Qe7 13. Re1 Nh5 14. Bh2 b6 15. Be2 Bh6 16. e5 dxe5 17. Bc4 Bb7 18. d6 Qf6 19. Bd5 Bxd5 20. Qxd5 Bf4 21. Qc6 Bxh2+ 22. Nxh2 Qd8 23. Nd5 Nf4 24. Nc7 Rc8 25. Ng4 Kh8 26. Qf3 Rxc7 27. dxc7 Qxc7 28. Rad1 Kg7 29. Nxe5 Nxe5 30. Qxf4 Re6 31. Qd2 Re7 32. Re4 Rd7 33. Qe2 a5 34. Rxd7 Nxd7 35. Re8 Qf4 36. Rd8 Ne5 37. Qd1 g5 38. Qe1 f6 39. b3 h5 40. Qd2 Qe4 41. Rd6 c4 42. Qe3 Qb1+ 43. Kh2 b5 44. axb5 cxb3 45. Qa7+ Kg6 46. Qd4 1-0

[Event "LSS CP-2008-P-00034"]
[Site "LSS email"]
[Date "2008.10.01"]
[Round "?"]
[White "Evans, Stanley W"]
[Black "Kluge, Thomas"]
[Result "0-1"]
[WhiteElo "1393"]
[BlackElo "2140"]
[PlyCount "60"]
[EventDate "2008.10.01"]
[EventType "tourn (corr)"]
[EventRounds "6"]
[EventCountry "GER"]
[SourceTitle "Corr 2011"]
[Source "ChessBase"]
[SourceDate "2010.08.31"]
[SourceVersion "1"]
[SourceVersionDate "2010.08.31"]
[SourceQuality "1"]

1. e4 Nf6 2. Nc3 d5 3. e5 Ne4 4. Nce2 Nc5 5. d4 Ne6 6. f4 g6 7. c3 h5 8. Nf3 Ng7 9. Be3 Nf5 10. Bf2 c6 11. h4 Bh6 12. g3 Ng7 13. Ng5 Bf5 14. Bh3 Bxh3 15. Nxh3 Nd7 16. Ng5 e6 17. Qd3 Nf5 18. Nf3 a5 19. Rg1 b5 20. a3 Bf8 21. Kd2 b4 22. axb4 axb4 23. Rxa8 Qxa8 24. cxb4 Bxb4+ 25. Nc3 0-0 26. Rb1 Rb8 27. Ke2 c5 28. Kf1 cxd4 29. Nxd4 Nc5 30. Nxf5 Nxd3 0-1

[Event "LSS CP-2006-Q-00011"]
[Site "LSS email"]
[Date "2008.01.15"]
[Round "?"]
[White "Kluge, Thomas"]
[Black "Hnatovsky, Nicholas"]
[Result "1/2-1/2"]
[WhiteElo "2131"]
[BlackElo "2340"]
[PlyCount "59"]
[EventDate "2008.01.15"]
[EventType "tourn (corr)"]
[EventRounds "6"]
[EventCountry "GER"]
[SourceTitle "Corr 2022"]
[Source "ChessBase"]
[SourceDate "2021.10.24"]
[SourceVersion "1"]
[SourceVersionDate "2021.10.24"]
[SourceQuality "1"]

1. c4 e5 2. Nc3 Nf6 3. Nf3 Nc6 4. g3 Nd4 5. Bg2 Nxf3+ 6. Bxf3 Bb4 7. Qb3 Bc5 8. 0-0 0-0 9. d3 h6 10. e3 c6 11. Rd1 Qe7 12. d4 Bb6 13. dxe5 Qxe5 14. e4 d5 15. Bf4 dxc4 16. Qxc4 Qe6 17. Qxe6 Bxe6 18. Na4 g5 19. Bd6 Rfd8 20. b3 g4 21. Bg2 Rd7 22. e5 Rad8 23. b4 Nh7 24. Nc5 Bxc5 25. bxc5 f6 26. exf6 Nxf6 27. Re1 Re8 28. f3 h5 29. f4 Bf5 30. Rxe8+ 1/2-1/2

[Event "LSS CP-2006-Q-00011"]
[Site "LSS email"]
[Date "2008.01.15"]
[Round "?"]
[White "Zirek, Mehmet"]
[Black "Kluge, Thomas"]
[Result "1/2-1/2"]
[WhiteElo "2057"]
[BlackElo "2131"]
[PlyCount "48"]
[EventDate "2008.01.15"]
[EventType "tourn (corr)"]
[EventRounds "6"]
[EventCountry "GER"]
[SourceTitle "Corr 2011"]
[Source "ChessBase"]
[SourceDate "2010.08.31"]
[SourceVersion "1"]
[SourceVersionDate "2010.08.31"]
[SourceQuality "1"]

1. e4 Nf6 2. Nc3 d5 3. exd5 Nxd5 4. Bc4 Nb6 5. Bb3 Nc6 6. Nf3 Bf5 7. d3 e6 8. 0-0 Be7 9. Re1 0-0 10. Bf4 Na5 11. h3 Nxb3 12. axb3 Nd5 13. Nxd5 exd5 14. Nd4 Bg6 15. Qg4 c6 16. Nf3 Re8 17. Ne5 Bf6 18. Re3 Qc8 19. Qxc8 Rexc8 20. g4 Re8 21. Rae1 Bxe5 22. Rxe5 Rxe5 23. Rxe5 f6 24. Re3 Re8 1/2-1/2

[Event "LSS CP-2007-P-00002"]
[Site "LSS email"]
[Date "2007.10.01"]
[Round "?"]
[White "Kluge, Thomas"]
[Black "Smith, Harry E"]
[Result "1-0"]
[WhiteElo "2112"]
[BlackElo "520"]
[PlyCount "49"]
[EventDate "2007.10.01"]
[EventType "tourn (corr)"]
[EventRounds "6"]
[EventCountry "GER"]
[SourceTitle "Corr 2011"]
[Source "ChessBase"]
[SourceDate "2010.08.31"]
[SourceVersion "1"]
[SourceVersionDate "2010.08.31"]
[SourceQuality "1"]

1. c4 Nf6 2. Nc3 g6 3. g3 Bg7 4. Bg2 d6 5. Nf3 e5 6. d3 Nbd7 7. 0-0 0-0 8. Rb1 Re8 9. Nd2 Nf8 10. b4 c6 11. b5 cxb5 12. Rxb5 a6 13. Rb1 Ne6 14. Ba3 Nd4 15. e3 Nf5 16. Bxb7 Rb8 17. Bg2 Be6 18. Rxb8 Qxb8 19. Qa4 Qc8 20. Rb1 Bd7 21. Qa5 Ne7 22. Bb7 Qc7 23. Qxc7 Bc8 24. Bxc8 Nxc8 25. Rb8 1-0

[Event "IECG TE.2002.F.01100 email"]
[Site "IECG email"]
[Date "2006.12.27"]
[Round "1"]
[White "Kluge, Thomas"]
[Black "Malmstroem, Jan"]
[Result "1-0"]
[WhiteElo "2090"]
[BlackElo "1849"]
[PlyCount "65"]
[EventDate "2006.12.27"]
[EventType "tourn (corr)"]
[EventRounds "14"]
[SourceTitle "Corr 2024"]
[Source "ChessBase"]
[SourceDate "2023.10.19"]
[SourceVersion "1"]
[SourceVersionDate "2023.10.19"]
[SourceQuality "1"]

1. d4 Nf6 2. c4 c5 3. d5 e6 4. Nc3 exd5 5. cxd5 d6 6. e4 g6 7. f3 Bg7 8. Nge2 0-0 9. Ng3 a6 10. a4 Nfd7 11. Bd3 Qh4 12. 0-0 Bd4+ 13. Kh1 Ne5 14. Be2 b6 15. Bd2 f5 16. exf5 gxf5 17. f4 Ng6 18. Qc2 Ra7 19. Bd3 Raf7 20. Nce2 Bg7 21. Ng1 Ne7 22. Nf3 Qf6 23. Ng5 Nxd5 24. Bc4 Bb7 25. Bc3 Nxc3 26. Bxf7+ Rxf7 27. bxc3 Rf8 28. Nh5 Qxc3 29. Qa2+ d5 30. Qe2 Bc8 31. Rac1 Qb2 32. Qe7 Nc6 33. Qc7 1-0

[Event "IECG CP.2004.Q.00017 email"]
[Site "IECG email"]
[Date "2006.01.20"]
[Round "?"]
[White "Rooms, Trevor J"]
[Black "Kluge, Thomas"]
[Result "1/2-1/2"]
[WhiteElo "2272"]
[BlackElo "2055"]
[PlyCount "76"]
[EventDate "2006.01.20"]
[EventType "tourn (corr)"]
[EventRounds "6"]
[SourceTitle "Corr 2008"]
[Source "ChessBase"]
[SourceDate "2008.06.24"]
[SourceVersion "1"]
[SourceVersionDate "2008.06.24"]
[SourceQuality "1"]

1. d4 Nf6 2. Bf4 g6 3. Nd2 Bg7 4. e4 d6 5. Bg5 Nbd7 6. c3 0-0 7. Bd3 c5 8. Ne2 b6 9. 0-0 Bb7 10. f3 e6 11. Nc4 Qc7 12. Qd2 b5 13. Ne3 a6 14. a4 Nb6 15. axb5 c4 16. bxa6 cxd3 17. Qxd3 Bc6 18. c4 h6 19. Bxf6 Bxf6 20. b4 e5 21. b5 Bd7 22. Rab1 Bg7 23. dxe5 dxe5 24. Nc3 Qc5 25. Kh1 Be6 26. Ned5 Rfd8 27. Qc2 Bf8 28. Rfc1 Rac8 29. Na4 Nxa4 30. Qxa4 Bxd5 31. exd5 Qb6 32. Re1 Re8 33. Qb3 Bc5 34. Qd3 Re7 35. Ra1 Qd6 36. Re2 f5 37. Rae1 Rce8 38. Qb1 Bb6 1/2-1/2

[Event "IECG TE.2002.S.01105 email"]
[Site "IECG email"]
[Date "2004.08.08"]
[Round "?"]
[White "Fernando, Amila"]
[Black "Kluge, Thomas"]
[Result "0-1"]
[WhiteElo "979"]
[BlackElo "2042"]
[PlyCount "26"]
[EventDate "2004.08.08"]
[EventType "tourn (corr)"]
[EventRounds "8"]
[SourceTitle "Corr 2024"]
[Source "ChessBase"]
[SourceDate "2023.10.19"]
[SourceVersion "1"]
[SourceVersionDate "2023.10.19"]
[SourceQuality "1"]

1. d4 Nf6 2. c4 c5 3. d5 e6 4. Nc3 exd5 5. cxd5 d6 6. e4 g6 7. f4 Bg7 8. Bb5+ Nfd7 9. Bd3 0-0 10. Nf3 Na6 11. 0-0 Rb8 12. Re1 Re8 13. Nd2 Nb4 0-1